000 01285nac a22002651u 4500
008 080806t xxu||||| |||| 00| 0 eng d
010 _a 2003049849
020 _a0130478229
082 0 0 _a624.0151972
_bREV
100 _aReVelle, Charles.
_917998
245 1 0 _aCivil and Environmental Systems Engineering /
_cCharles S. ReVelle, E. Earl Whitlatch, Jr., Jeff R. Wright.
250 _a2nd ed.
260 _aUpper Saddle River, NJ :
_bPearson Education,
_c2003.
300 _axxiii, 552 p. :
_b ill. ;
_c 24 cm.
490 _917949
_aPrentice Hall International Series in Civil Engineeering and Engineering Mechanics
504 _aIncludes bibliographical references and index.
650 0 _aCivil engineering
_xLinear programming.
_917999
650 0 _aEnvironmental engineering
_xLinear programming.
_918000
650 0 _aEngineering economy
_xLinear programming.
_918001
650 0 _aSystem analysis
_xData processing.
_918002
700 1 _aWhitlatch, Elbert E.
_q(Elbert Earl),
_d1942-
_918003
700 1 _aWright, J. R.
_q(Jeff R.)
_918004
942 _cBB
_k624.0151972REV
_2ddc
999 _c2256
_d2256